Curso de licitações e contratos administrativos / (Record no. 1141)
[ view plain ]
| 000 -LÍDER | |
|---|---|
| Campo Fixo de Controle | 00791nam a2200265 a 4500 |
| 001 - NÚMERO DE CONTROLE | |
| Campo de Controle | 1141 |
| 003 - IDENTIFICAÇÃO DO NÚMERO DE CONTROLE | |
| Campo de Controle | BR-CuiBMT |
| 005 - DATA E HORA DA ÚLTIMA ATUALIZAÇÃO | |
| Campo de Controle | 20231129204313.0 |
| 008 - DADOS FIXOS | |
| Dados Fixos | 231129s2012 mgb 001 0 por d |
| 020 ## - INTERNATIONAL STANDARD BOOK NUMBER | |
| Nº do ISBN | 9788577005260 |
| 040 ## - AGÊNCIA CATALOGADORA | |
| Código da Agência Catalogadora | BR-CuiBMT |
| Agência que transcreveu o registro | BR-CuiBMT |
| 080 ## - Nº DA CLASSIFICAÇÃO DECIMAL UNIVERSAL | |
| Nº edição CDU | 2007 |
| Nº Class. CDU | 351.712.2.02 |
| 090 ## - NÚMERO DE CHAMADA | |
| Nº classificação | 351.712.2.02 |
| Cutter | F992c |
| Ano/Edição | 4. ed. |
| 100 1# - ENTRADA PRINCIPAL -- AUTOR PESSOAL | |
| Nome pessoal | Furtado, Lucas Rocha |
| 245 10 - TÍTULO PRINCIPAL | |
| Título principal | Curso de licitações e contratos administrativos / |
| Indicação de responsabilidade | Lucas Rocha Furtado. |
| 250 ## - EDIÇÃO | |
| Edição | 4. ed. atual. |
| 260 ## - PUBLICAÇÃO, DISTRIBUIÇÃO, ETC. | |
| Local de publicação | Belo Horizonte : |
| Editora | Fórum, |
| Data | 2012. |
| 300 ## - DESCRIÇÃO FÍSICA | |
| N. páginas ou volumes | 581 p. ; |
| Dimensões | 24 cm |
| 504 ## - NOTA DE BIBLIOGRAFIA, ETC. | |
| Nota de bibliografia | Inclui bibliografia e índice. |
| 650 ## - ASSUNTO TÓPICO | |
| Cabeçalho tópico ou nome geográfico | Direito administrativo |
| 650 ## - ASSUNTO TÓPICO | |
| Cabeçalho tópico ou nome geográfico | Licitação |
| Subdivisão de forma | procedimentos |
| 650 ## - ASSUNTO TÓPICO | |
| Cabeçalho tópico ou nome geográfico | Licitação |
| Subdivisão de forma | modalidade |
| 650 ## - ASSUNTO TÓPICO | |
| Cabeçalho tópico ou nome geográfico | Contrato administrativo |
| 942 ## - ELEMENTOS DE ENTRADA ADICIONAIS (KOHA) | |
| Fonte de classificação ou esquema de arquivamento | Classificação Decimal Universal |
| Tipo de item do Koha | Livros |
| Estado: removido | Estado: perdido | Fonte de classificação ou esquema de arquivamento | Estado: danificado | Indisponível para empréstimo | Localização permanente | Localização atual | Data de aquisição | Total Checkouts | Número de Chamada completo | Código de barras | Date last seen | Número do exemplar | Preço efetivo a partir de | Tipo de item (Koha) |
|---|---|---|---|---|---|---|---|---|---|---|---|---|---|---|
| Classificação Decimal Universal | Biblioteca da Escola Superior de Contas do TCE/MT | Biblioteca da Escola Superior de Contas do TCE/MT | 02/04/2013 | 351.712.2.02 F992c 4. ed. | BIBTCEMT23111329 | 29/11/2023 | Ex. 1 | 29/11/2023 | Livros |